Music Quiz

Random Music or Lyrics Quiz

Figure out the lyrics - School themed Quiz Stats

 Plays Quiz not verified by Sporcle

Challenge
Share
Tweet
Embed
Score 0/48 Timer 05:00
0 Plays Today
% Correct
the
94.2%
the
94.2%
the
94.2%
We
75.9%
We
75.9%
in
75.9%
in
75.9%
in
75.9%
in
75.9%
in
75.9%
no
71.5%
no
71.5%
No
71.5%
don't
61.3%
don't
61.3%
need
56.2%
need
56.2%
them
56.2%
them
56.2%
education
54%
just
54%
just
54%
kids
53.3%
Hey!
53.3%
% Correct
kids
53.3%
All
52.6%
all
52.6%
All
52.6%
all
52.6%
leave
51.8%
leave
51.8%
alone
51.1%
alone
51.1%
control
50.4%
Teachers
50.4%
Teachers!
50.4%
it's
48.9%
wall
47.4%
wall
47.4%
classroom
46.7%
another
46.7%
brick
46.7%
another
46.7%
brick
46.7%
you're
45.3%
thought
44.5%
dark
38%
sarcasm
38%

You're not logged in!

Compare scores with friends on all Sporcle quizzes.
OR
Log In

You Might Also Like...

Show Comments

Extras

Top Quizzes Today


Score Distribution

Your Account Isn't Verified!

In order to create a playlist on Sporcle, you need to verify the email address you used during registration. Go to your Sporcle Settings to finish the process.

Report this User

Report this user for behavior that violates our Community Guidelines.

Details: